ბათუმის შოთა რუსთაველის სახელმწიფო უნივერსიტეტის ბიბლიოთეკა

დავით IV აღმაშენებელი : ეპოქის სოციალ.-ეკონ. და პოლიტ.-კულტ. ისტორიის მიმოხილვა / (ბიბ.ჩანაწერი № 56281)

000 -ლიდერი
ფიქსირებული სიგრძის საკონტროლო ველი 02246nam a2200361Ia 4500
001 - საკონტროლო ნომერი
საკონტროლო ველი 23394
003 - საკონტროლო ნომრის იდენტიფიკატორი
საკონტროლო ველი GE_BSU
005 - ბოლო ოპერაციის თარიღი და დრო
საკონტროლო ველი 20251229183259.0
008 - ფიქსირებული სიგრძის მონაცემთა ელემენტები - ზოგადი ინფორმაცია
ფიქსირებული სიგრძის საკონტროლო ველი 181216s1990||||ge |||||||||||||| ||geo||
040 ## - კატალოგიზაციის წყარო
Transcribing agency GE_BSU
041 ## - ენის კოდი
Language code of text/sound track or separate title geo
080 ## - უნივერსალური ათობითი კლასიფიკაციის ინდექსი
Universal Decimal Classification number 94(479.22)"1073-1125" + 929.731(479.22) + 338(479.22)(09) + 316.42(479.22) + 32(479.22) + 327(479.22) + 008(479.22)(09) მ-59
100 ## - მთავარი ჩანაწერი - პიროვნების სახელი
Personal name მეტრეველი, როინ
9 (RLIN) 26622
245 ## - ცნობა სათაურის შესახებ
Title დავით IV აღმაშენებელი : ეპოქის სოციალ.-ეკონ. და პოლიტ.-კულტ. ისტორიის მიმოხილვა /
Statement of responsibility, etc როინ მეტრეველი ; რედ.: ე. მესხი ; მხატვ.: შ.ნიორაძე.
250 ## - გამოცემის ცნობა
Edition statement მე-2 გამოცემა
264 ## - წარმოების, გამოცემის, დისტრიბუციის და სხვა ცნობები
გამოცემის, წარმოების, დისტრიბუციის... ადგილი თბილისი :
გამოცემის, წარმოების, დისტრიბუციის... სახელწოდება საბჭოთა საქართველო.
გამოცემის, წარმოების, დისტრიბუციის... თარიღი 1990.
300 ## - ფიზიკური აღწერა
Extent 368გვ. :
Other physical details 8ფ.ილ. ;
Dimensions 2სმ.
500 ## - ზოგადი შენიშვნა
General note საძიებლები : გვ. 351-366
520 ## - SUMMARY, ETC.
Summary, etc რეზიუმე რუსულ და ფრანგულ ენაზე
653 ## - INDEX TERM--UNCONTROLLED
Uncontrolled term დავით IV აღმაშენებელი
653 ## - INDEX TERM--UNCONTROLLED
Uncontrolled term ეპოქის სოციალ.-ეკონ. და პოლიტ.-კულტ. ისტორიის მიმოხილვა
653 ## - INDEX TERM--UNCONTROLLED
Uncontrolled term საქართველოს ისტორია, XI-XII ს.ს.
653 ## - INDEX TERM--UNCONTROLLED
Uncontrolled term საქართველოს სოციალ-ეკონომიკური განვითარება
653 ## - INDEX TERM--UNCONTROLLED
Uncontrolled term საქართველოს ეკონომიკის ისტორია
653 ## - INDEX TERM--UNCONTROLLED
Uncontrolled term საქართველოს საგარეო პოლიტიკა
653 ## - INDEX TERM--UNCONTROLLED
Uncontrolled term ქართული კულტურის ისტორია
653 ## - INDEX TERM--UNCONTROLLED
Uncontrolled term ქართული კულტურის ისტორია
653 ## - INDEX TERM--UNCONTROLLED
Uncontrolled term საქართველოს ისტორია
700 ## - ADDED ENTRY--PERSONAL NAME
Personal name მესხი, ე.
Relator term რედაქტორი
9 (RLIN) 3902
700 ## - ADDED ENTRY--PERSONAL NAME
Personal name იორაძე, შ.
Relator term მხატვარი
9 (RLIN) 26623
942 ## - ADDED ENTRY ELEMENTS (KOHA)
Koha item type წიგნი
Source of classification or shelving scheme
ეგზემპლარები
ჩამოწერის სტატუსი დაკარგული ეგზემპლარის სტატუსი კლასიფიკაციის წყარო ან თაროზე გაწყობის სქემა დაზიანების სტატუსი არ გაიცემა მუდმივი მდებარეობა (დაცვის ადგილი) ამჟამინდელი ადგილსამყოფელი თაროზე განთავსების ადგილი შეძენის თარიღი ღირებულება, შესყიდვის ნორმალური ფასი სრული შენახვის შიფრი შტრიხკოდი ბოლო ოპერაციის თარიღი ეგზემპლარის მიმდევრობითი ნომერი (კეტერი?) ფასის ძალაში შესვლის თარიღი ეგზემპლარის სახეობა საჯარო შენიშვნა
          ბათუმის შოთა რუსთაველის სახელმწიფო უნივერსიტეტის მთავარი ბიბლიოთეკა ბათუმის შოთა რუსთაველის სახელმწიფო უნივერსიტეტის მთავარი ბიბლიოთეკა წიგნსაცავი 2018-12-17 10.00 94(479.22)"1073-1125" + 929.731(479.22) + 338(479.22)(09) + 316.42(479.22) + 32(479.22) + 327(479.22) + 008(479.22)(09) მ-59 28330 2018-12-17 28330 2018-12-17 წიგნი 10.00 ₾.